The bronze bow /

Bibliographic Details
Main Author: Speare, Elizabeth George
Format: Book
Language:English
Published: Boston : Houghton Mifflin, 1961.

MARC

Tag First Indicator Second Indicator Subfields
LEADER 00000cam a22000001 4500
001 in00000034362
005 20151007060702.0
008 730102s1961 mau j 00001 eng
010 |a  61010640  
035 |a (OCoLC)00220950 
035 |9 AAC1448AM 
040 |a DLC  |c DLC  |d m/c  |d TXA  |d UtOrBLW 
049 |a TXAM  |c [419646] 
050 0 0 |a PZ7.S7376  |b Br 
100 1 |a Speare, Elizabeth George. 
245 1 4 |a The bronze bow /  |c Elizabeth George Speare. 
264 1 |a Boston :  |b Houghton Mifflin,  |c 1961. 
300 |a 255 pages ;  |c 22 cm. 
336 |a text  |b txt  |2 rdacontent 
337 |a unmediated  |b n  |2 rdamedia 
338 |a volume  |b nc  |2 rdacarrier 
586 |a Newbery Medal, 1962. 
999 |a MARS 
999 f f |s 24733aa5-4d22-30b7-94e4-4af5df136f61  |i 3fa43bf5-6ada-3a7a-80bf-32964b16f65b  |t 0 
952 f f |p normal  |a Texas A&M University  |b College Station  |c Sterling C. Evans Library  |d Evans: Library Stacks  |t 0  |e PZ7.S7376 Br  |h Library of Congress classification  |i unmediated -- volume  |m A14804358046 
952 f f |p normal  |a Texas A&M University  |b College Station  |c Sterling C. Evans Library  |d Evans: Curriculum Collection (4th floor)  |t 0  |e PZ7.S7376 Br  |h Library of Congress classification  |i unmediated -- volume  |m A14827006163 
998 f f |a PZ7.S7376 Br  |t 0  |l Evans: Library Stacks 
998 f f |a PZ7.S7376 Br  |t 0  |l Evans: Curriculum Collection (4th floor)